| 000 | 00750nam a22002297a 4500 | ||
|---|---|---|---|
| 003 | OSt | ||
| 005 | 20160627184527.0 | ||
| 008 | 160627b xxu||||| |||| 00| 0 eng d | ||
| 020 | _a0-8058-3860-0 | ||
| 040 | _cLIC | ||
| 082 |
_22004 _aDC 025.04 _bF91w |
||
| 100 |
_910621 _aFriedman, Barbara G. _d1963- |
||
| 245 |
_aWeb search savvy: _bStrategies and shortcuts for online research/ _cBarbara G. Friedman. |
||
| 260 |
_aLondon: _bLawrence Erlbaum Associates, Publishers, _cc2004. |
||
| 300 |
_axv, 223 pages : _billustrations; _c25 cm. |
||
| 365 |
_b2,200 _cPhp |
||
| 440 |
_910626 _aLEA's Communication Series |
||
| 500 | _aIncludes index. | ||
| 650 | 0 |
_910624 _aInternet searching |
|
| 650 | 0 |
_910625 _aJournalism _xData processing |
|
| 942 |
_2ddc _cDC |
||
| 999 |
_c3178 _d3178 |
||